New directions in UK strategic planning - from land use plans to spatial development strategies (Record no. 72226)

MARC details
000 -LEADER
fixed length control field 01295cam a2200265 4500
001 - CONTROL NUMBER
control field ABS66459
008 - FIXED-LENGTH DATA ELEMENTS--GENERAL INFORMATION
fixed length control field 030305n2003 000 0 eng u
035 ## - SYSTEM CONTROL NUMBER
System control number (Sirsi) u121523
100 ## - MAIN ENTRY--PERSONAL NAME
Personal name Counsell, D.
245 ## - TITLE STATEMENT
Title New directions in UK strategic planning - from land use plans to spatial development strategies
260 ## - PUBLICATION, DISTRIBUTION, ETC.
Date of publication, distribution, etc. 2003
490 ## - SERIES STATEMENT
Series statement Town & Country Planning
Volume/sequential designation 72(1) January 2003, 15-19(4)
520 ## - SUMMARY, ETC.
Summary, etc. Examines new directions in UK planning proposed for 2004 noting this is a chance to look at integrated spatial strategies. Under the new schema regional planning guidance (RPG) will be replaced by a single-tier system called regional spatial strategies (RSSs) prepared by regional bodies which will be enforced to contribute to sustainable development. RSSs will in future incorporate transport strategies. Spatial strategies owe much to the EU work on the European Development Perspective.
590 ## - LOCAL NOTE (RLIN)
Local note ABS
650 ## - SUBJECT ADDED ENTRY--TOPICAL TERM
Topical term or geographic name entry element UNITED KINGDOM
650 ## - SUBJECT ADDED ENTRY--TOPICAL TERM
Topical term or geographic name entry element PLANNING LAW
650 ## - SUBJECT ADDED ENTRY--TOPICAL TERM
Topical term or geographic name entry element REGIONAL PLANNING GUIDANCE
650 ## - SUBJECT ADDED ENTRY--TOPICAL TERM
Topical term or geographic name entry element REGIONAL SPATIAL STRATEGIES
650 ## - SUBJECT ADDED ENTRY--TOPICAL TERM
Topical term or geographic name entry element REGIONAL TRANSPORT STRATEGIES
690 ## - LOCAL SUBJECT ADDED ENTRY--TOPICAL TERM (OCLC, RLIN)
Topical term or geographic name as entry element ENVIRONMENTAL AND LAND CONSULTANCY-PLANNING AND DEVELOPMENT
700 ## - ADDED ENTRY--PERSONAL NAME
Personal name Haughton, G.
700 ## - ADDED ENTRY--PERSONAL NAME
Personal name Allmendinger, P.
700 ## - ADDED ENTRY--PERSONAL NAME
Personal name Vigar, G.
942 ## - ADDED ENTRY ELEMENTS (KOHA)
Suppress in OPAC 0
Holdings
Withdrawn status Lost status Source of classification or shelving scheme Damaged status Not for loan Home library Current library Shelving location Date acquired Total Checkouts Full call number Barcode Date last seen Copy number Price effective from Koha item type
    Dewey Decimal Classification     London London Journal article 05/03/2003   ABS66459 121523-1001 06/08/2019 1 06/08/2019 Journal article